The Exploratory Investigation of the Potentials of Incorporating Mental Health Improvement Programs into Wellness Tourism

Bibliográfiai részletek
Szerző: Balogh Csenge Bereniké
További közreműködők: Wallace Michael
Dokumentumtípus: Diplomadolgozat
Kulcsszavak:Dissertation
Csenge Bereniké Balogh
wellness toursim
Mental health improvement
Incorporating mental health improvement methods
Online Access:http://dolgozattar.uni-bge.hu/15059

MARC

LEADER 00000nta a2200000 i 4500
001 dolg15059
005 20180504104834.0
008 180504suuuu hu om 000 eng d
040 |a BGE Dolgozattár Repozitórium  |b hun 
041 |a en 
100 1 |a Balogh Csenge Bereniké 
245 1 4 |a The Exploratory Investigation of the Potentials of Incorporating Mental Health Improvement Programs into Wellness Tourism  |c Balogh Csenge Bereniké  |h [elektronikus dokumentum] 
246 1 1 |a The Exploratory Investigation of the Potentials of Incorporating Mental Health Improvement Programs into Wellness Tourism 
246 1 1 |a The Exploratory Investigation of the Potentials of Incorporating Mental Health Improvement Programs into Wellness Tourism 
695 |a Dissertation 
695 |a Csenge Bereniké Balogh 
695 |a wellness toursim 
695 |a Mental health improvement 
695 |a Incorporating mental health improvement methods 
700 1 |a Wallace Michael  |e ths 
856 4 0 |u http://dolgozattar.uni-bge.hu/15059/1/Dissertation%20Csenge%20Balogh.%20upload%20to%20reposatorium.pdf  |z Dokumentum-elérés